| 000 | 00485cam a2200193ua 4500 | ||
|---|---|---|---|
| 020 | _c30.00 | ||
| 041 |
_aeng _h |
||
| 082 |
_a634.61338 _bTHA/GL |
||
| 100 | _aThampan, P.K . | ||
| 245 |
_aGlimpses of Coconut Industry in India / _cP.K.Thampan. _hTextual Documents |
||
| 250 |
_a1 / _b. |
||
| 260 |
_aCochi : _bCoconut Development board , _c1988. |
||
| 300 | _a219 ; . | ||
| 365 | _a30.00 | ||
| 500 | _a** Reference | ||
| 504 | _a | ||
| 942 | _cBK | ||
| 999 |
_c1304 _d1304 |
||